000 00558cam a22001934a 4500
005 20251217115906.0
008 250528s ||||||||||||||||||||||||d
035 _a23835
020 _a9789602215166
040 _aGR-AtMCL
_bgre
_dGR-AtMCL
_eAACR2
245 1 _aΟργάνωση και διοίκηση ναυτιλιακών επιχειρήσεων
250 _a1
260 _aΕλλάδα
_bΑλεξάνδρεια,
_c2011
300 _a464
700 1 _aΘεοτοκάς, Γιάννης
_98840
942 _cBK
999 _c8762
_d8762